| 000 | 00348nam a22001097a 4500 | ||
|---|---|---|---|
| 999 |
_c519552 _d519552 |
||
| 082 | _aTNC A3 F498 | ||
| 100 |
_aFinley, Guy _930681 |
||
| 245 |
_aThe secret of your immortal self _bkey lessons for realizing the divinity within _cby Guy Finely |
||
| 260 |
_aNew Delhi _bManjul Publishing House _c2015 |
||
| 300 | _a343p | ||
| 650 |
_aFiction _930682 |
||